
Library Catalogue

| 000 -LEADER | |
|---|---|
| fixed length control field | 01195nam a2200241Ia 4500 |
| 003 - CONTROL NUMBER IDENTIFIER | |
| control field | OSt |
| 005 - DATE AND TIME OF LATEST TRANSACTION | |
| control field | 20260409102857.0 |
| 008 - FIXED-LENGTH DATA ELEMENTS--GENERAL INFORMATION | |
| fixed length control field | 160316s2002 xxu||||| |||| 00| 0 eng d |
| 020 ## - INTERNATIONAL STANDARD BOOK NUMBER | |
| International Standard Book Number | 9780511329777 |
| 040 ## - CATALOGING SOURCE | |
| Transcribing agency | n |
| 082 ## - DEWEY DECIMAL CLASSIFICATION NUMBER | |
| Classification number | 320.54 WIM |
| 100 ## - MAIN ENTRY--PERSONAL NAME | |
| Personal name | Wimmer Andreas |
| 245 ## - TITLE STATEMENT | |
| Title | Nationalist exclusion and ethnic conflict : Shadows of modernity / |
| Remainder of title | Andreas Wimmer |
| 260 ## - PUBLICATION, DISTRIBUTION, ETC. | |
| Place of publication, distribution, etc. | Cambridge |
| Name of publisher, distributor, etc. | Cambridge University Press |
| Date of publication, distribution, etc. | 2002 |
| 300 ## - PHYSICAL DESCRIPTION | |
| Extent | 319p |
| Dimensions | vii |
| 365 ## - TRADE PRICE | |
| Price amount | Rs.990 |
| 505 ## - FORMATTED CONTENTS NOTE | |
| Formatted contents note | Contents<br/>Introduction;<br/>Part I. Theoretical Explorations: <br/>1. Compromise and closure: a theory of social dynamics;<br/>2. The making of modern communities;<br/>Part II. State Building and Ethnic Conflict: <br/>3. Who owns the state? Ethnic conflicts after the end of empires;<br/>4. Nationalism and ethnic mobilisation in Mexico;<br/>5. From empire to ethnocracy. Iraq since the Ottomans;<br/>Part III. The Politics of Exclusion in Nationalised States: <br/>6. Racism and xenophobia;<br/>7. Nationalising multi-ethnic Switzerland. |
| 650 ## - SUBJECT ADDED ENTRY--TOPICAL TERM | |
| Topical term or geographic name entry element | National state - Nationalism |
| 650 ## - SUBJECT ADDED ENTRY--TOPICAL TERM | |
| Topical term or geographic name entry element | Ethnic Groups - Political Activity |
| 650 ## - SUBJECT ADDED ENTRY--TOPICAL TERM | |
| Topical term or geographic name entry element | Immigrants - Minorities - Political activity |
| 700 ## - ADDED ENTRY--PERSONAL NAME | |
| Personal name | |
| -- | |
| 942 ## - ADDED ENTRY ELEMENTS (KOHA) | |
| Source of classification or shelving scheme | Dewey Decimal Classification |
| Koha item type | BOOKs |
| Withdrawn status | Lost status | Source of classification or shelving scheme | Damaged status | Not for loan | Home library | Current library | Shelving location | Date acquired | Cost, normal purchase price | Total Checkouts | Full call number | Barcode | Date last seen | Price effective from | Koha item type |
|---|---|---|---|---|---|---|---|---|---|---|---|---|---|---|---|
| Dewey Decimal Classification | NLS | NLS | General Stacks | 30/05/2017 | 990.00 | 320.54 WIM | 18705 | 30/05/2017 | 30/05/2017 | BOOKs |